| 000 | 00702nam a2200217Ii 4500 | ||
|---|---|---|---|
| 003 | JO-AjNU | ||
| 008 | 230605s9999||||xx |||||||||||||| ||und|| | ||
| 020 | _a978-9957-552-04-6 | ||
| 040 |
_aJO-AjNU _bara _erda _cJO-AjNU |
||
| 041 | _aara | ||
| 050 | 1 | 4 | _aPN6519 |
| 100 | 3 |
_aالعويدي، خليفة, _eauthor _950413 |
|
| 245 | 0 | 0 | _aما يطابق أمثال العرب في شعرهم |
| 250 | _aالطبعة الجديدة | ||
| 264 | 3 | 1 | _aصويلح - الاردن: دار الفلاح للنشر والتوزيع، د.ت |
| 300 | _a107ص | ||
| 336 |
_atext _btxt _2rdacontent |
||
| 337 |
_aunmediated _bn _2rdamedia |
||
| 338 |
_avolume _bnc _2rdacarrier |
||
| 650 | 4 |
_aأمثال _950414 |
|
| 999 |
_aA22206 _c25774 _d25774 |
||